000 00540nam a2200193Ia 4500
005 20250508161934.0
008 008 250505s9999 xx 000 0 eng d
037 _aDissertations
040 _aFEDL
_beng
_cFEDL
041 _aeng
_2eng
084 _a370, DAS/DI
_qFEDL
100 _aDass Dwarka
_9771852
245 0 _aStudy of literacy pattern in Haryana : A critique
260 _c1977
300 _a52p.
546 _aM.Ed. Dissertation (Delhi University)
942 _cDIS
_h370, DAS/DI
999 _c1373364
_d1373364